| 000 | 00416nam a2200157Ia 4500 | ||
|---|---|---|---|
| 005 | 20240520013342.0 | ||
| 008 | 240331s9999 xx 000 0 und d | ||
| 082 |
_bRan _a335 |
||
| 100 | _aRanadive, B.T | ||
| 245 | 0 |
_aIn principled defence of basic marxist-leninist tenets _cB.T.Ranadive |
|
| 260 |
_aIndia _bChennai Book House _c1979 |
||
| 300 | _a70 p ., | ||
| 650 | _aEconomic | ||
| 650 | _aPolitical | ||
| 942 | _cL | ||
| 999 |
_c2758 _d2758 |
||